مكتبة جامعة عجلون الوطنية

فهرس بحث المكتبة

قائمة باسماء الأعلام والأقوام والشواهد التاريخية والملل والمصطلحات الوارد ذكرها في كتاب احسن التقاسيم في معرفة الأقاليم (Record no. 34194)

MARC details
000 -LEADER
fixed length control field 00885nam a22002057a 4500
003 - CONTROL NUMBER IDENTIFIER
control field JO-AjAnu
005 - DATE AND TIME OF LATEST TRANSACTION
control field 20260421111108.0
008 - FIXED-LENGTH DATA ELEMENTS--GENERAL INFORMATION
fixed length control field 260421b jo ||||| |||| 00| 0 ara d
020 ## - INTERNATIONAL STANDARD BOOK NUMBER
International Standard Book Number 978-9923-853-05-4
022 ## - INTERNATIONAL STANDARD SERIAL NUMBER
International Standard Serial Number 5397/9/2025
040 ## - CATALOGING SOURCE
Original cataloging agency ANU
Transcribing agency JO-AjAnu
041 ## - LANGUAGE CODE
Language code of original ARA
100 ## - MAIN ENTRY--PERSONAL NAME
Personal name مجمع اللغة العربية الأردني
9 (RLIN) 56867
Relator term مؤلف
245 ## - TITLE STATEMENT
Title قائمة باسماء الأعلام والأقوام والشواهد التاريخية والملل والمصطلحات الوارد ذكرها في كتاب احسن التقاسيم في معرفة الأقاليم
Statement of responsibility, etc. / مجمع اللغة العربية الأردني
250 ## - EDITION STATEMENT
Edition statement ط 1
260 ## - PUBLICATION, DISTRIBUTION, ETC.
Place of publication, distribution, etc. عمان:
Name of publisher, distributor, etc. مجمع اللغة العربية الأردني؛
Date of publication, distribution, etc. 2025
300 ## - PHYSICAL DESCRIPTION
Extent 76 ورقة
650 ## - SUBJECT ADDED ENTRY--TOPICAL TERM
Form subdivision العالم الإسلامي-تقاويم البلدان
942 ## - ADDED ENTRY ELEMENTS (KOHA)
Source of classification or shelving scheme Library of Congress Classification
Koha item type Books
Suppress in OPAC No

No items available.